|
|
|
|
| LEADER |
01378nam a2200337 a 4500 |
| 001 |
EBC3319851 |
| 003 |
MiAaPQ |
| 005 |
20200520144314.0 |
| 006 |
m o d | |
| 007 |
cr cn||||||||| |
| 008 |
111012s2007 gw abd sb 000 0 eng d |
| 020 |
|
|
|z 9783899583397
|
| 035 |
|
|
|a (MiAaPQ)EBC3319851
|
| 035 |
|
|
|a (Au-PeEL)EBL3319851
|
| 035 |
|
|
|a (CaPaEBR)ebr10496598
|
| 035 |
|
|
|a (OCoLC)759160396
|
| 040 |
|
|
|a MiAaPQ
|c MiAaPQ
|d MiAaPQ
|
| 043 |
|
|
|a e-ru---
|
| 050 |
|
4 |
|a TJ820
|b .B33 2007
|
| 100 |
1 |
|
|a Badelin, Alexander.
|
| 245 |
1 |
0 |
|a Large-scale integration of wind power in the Russian power supply
|h [electronic resource] :
|b analysis, issues, strategy /
|c Alexander Badelin.
|
| 260 |
|
|
|a Kassel :
|b Kassel University Press,
|c 2007.
|
| 300 |
|
|
|a 125 p. :
|b col. ill., col. maps.
|
| 490 |
0 |
|
|a Erneuerbare Energien und Energieeffizienz =
|a Renewable energies and energy efficiency ;
|v v. 4
|
| 502 |
|
|
|a Thesis (Ph. D.)--University of Kassel, 2007.
|
| 504 |
|
|
|a Includes bibliographical references.
|
| 533 |
|
|
|a Electronic reproduction. Ann Arbor, MI : ProQuest, 2015. Available via World Wide Web. Access may be limited to ProQuest affiliated libraries.
|
| 650 |
|
0 |
|a Wind power
|z Russia (Federation)
|
| 655 |
|
4 |
|a Electronic books.
|
| 710 |
2 |
|
|a ProQuest (Firm)
|
| 856 |
4 |
0 |
|u https://ebookcentral.proquest.com/lib/matrademy/detail.action?docID=3319851
|z Click to View
|